000 01327nam a2200337 i 4500
001 000010713
003 DO-SdBNP
005 20260305073958.0
007 ta
008 091009s1986 dr 000 0 spa d
040 _aDO-SdBNP
_bspa
_cBNPHU
_erda
041 _hspa
082 4 _a370.97293
_bH557h
_222
100 1 _aHernández Disla, Pablo María,
_d1942-
_eautor
_4aut.
_911
245 1 0 _aHistoria del pensamiento pedagógico en la República Dominicana /
_cPablo María Hernández ; prólogo, Franlkin J. Franco ; dirigida por Cándido Gerón
264 4 _aSanto Domingo :
_bBiblioteca Nacional Pedro Henríquez Ureña (BNPHU),
_c©1986.
300 _a257 páginas ;
_c21 cm.
336 _atexto
_btxt
_2rdacontent
337 _asin mediación
_bn
_2rdamedia
338 _avolumen
_bnc
_2rdacarrier
490 0 _aColección Orfeo
504 _aBibliografía : páginas 255-257
590 _aInventariado, 2018/VM
650 7 _aEducación
_zRepública Dominicana
_xHistoria
_913100
_2LEMB
650 7 _aMaestros
_zRepública Dominicana
_917426
_vBiografías
700 1 _aFranco, Franklin J.,
_eprologuista
_4pr.
_919014
700 1 _aGerón, Candido,
_d1948-
_edirector
_4dir.
_93577
710 2 _aBiblioteca Nacional Pedro Henríquez Ureña
_981292
910 _aValidado. Control de calidad MMOLINA
942 _2ddc
_cLBS1
999 _c10468
_d10468